LEADER 01110nam0-2200301---450- 001 990008309360403321 005 20060407113417.0 035 $a000830936 035 $aFED01000830936 035 $a(Aleph)000830936FED01 035 $a000830936 100 $a20060407d1968----km-y0itay50------ba 101 0 $ager 102 $aDE 105 $aa-------001yy 200 1 $aQuantitative Untersuchungen zur Gestalt, zum GefW1H0uge und Haushalt der Naturlandschaft /$eimoleser Subapennin$eunterlagen und BeitrW1H0age zur allgemein en Theorie der Landschaft 1$fvon Robert Martens 210 $aHamburg$cIstitut fur Geographie und Wirtschaftsgeographie$d1968 215 $a251 p.$cill.$d24 cm$e1 c. ripieg. 225 1 $aHamburger geographische Studien$v21 610 0 $aEmilia Romagna$aImola 700 1$aMartens,$bRobert$065480 801 0$aIT$bUNINA$gRICA$2UNIMARC 901 $aBK 912 $a990008309360403321 952 $aPeriod.013(021)$bIst. s.i.$fILFGE 959 $aILFGE 996 $aQuantitative Untersuchungen zur Gestalt, zum GefW1H0uge und Haushalt der Naturlandschaft$9745743 997 $aUNINA LEADER 00929cam0-2200301 --450 001 9910844201203321 005 20240412082608.0 010 $a9791259990266 100 $a20240411d2022----kmuy0itay5050 ba 101 0 $aita 102 $aIT 105 $aa 001yy 200 1 $aMargaret Fuller$ecorrispondente di guerra, quando Roma capitale era un sogno$fa cura di Mario Bannoni; [prefazione di Mara Minasi$gsaggio introduttivo di Franco Tamassa] 210 $a[Roma]$cAll Around$d2022 215 $a634 p.$cill.$d21 cm 225 1 $aGiornalisti nella storia 610 0 $aFuller, Margaret 676 $a070.4333092$v23$zita 702 1$aTamassia,$bFranco 702 1$aBannoni,$bMario 702 1$aMinasi,$bMara 801 0$aIT$bUNINA$gREICAT$2UNIMARC 901 $aBK 912 $a9910844201203321 952 $aDONNE 68$b1355/2024$fFSPBC 959 $aFSPBC 996 $aMargaret Fuller$94149485 997 $aUNINA